000 00742cad a22002055a 4500
001 L159766
008 150226s2016 xxk f 000 0 eng d
035 _a(Sirsi) u159766
041 0 _aeng
100 1 _aBlackman, David
245 0 0 _aReformed character
260 _c2016
490 _aModus
_vMay 2016, 20-23 (4)
520 _aLooks at redeveloping prisons into commercial or residential projects. With their historic features, city centre locations and willing vendors it seams like a golden opportunity for any property entrepreneur. Showcases several already redeveloped properties in UK and USA.
590 _aKA
650 2 4 _aPRISONS
650 2 4 _aREDEVELOPMENT
690 _aBUILDING AND CONSTRUCTION-PROJECTS
942 _n0
999 _c84971
_d84971